|
|
|
|
| LEADER |
01131nam a2200301 a 4500 |
| 001 |
27506 |
| 003 |
BD-DhAAL |
| 005 |
20150206121926.0 |
| 008 |
130916r20001996ilua b 001 0 eng |
| 010 |
|
|
|a 00022271
|
| 020 |
|
|
|a 0894484567
|
| 040 |
|
|
|a DLC
|c DLC
|d DLC
|d BD-DhAAL
|
| 050 |
0 |
0 |
|a TK9210
|b .S58 2000
|
| 082 |
0 |
0 |
|a 621.48/028/9
|2 21
|
| 999 |
|
|
|c 13970
|d 13970
|
| 999 |
|
|
|c 13970
|
| 100 |
1 |
|
|a Shultis, J. Kenneth.
|9 3093
|
| 245 |
1 |
0 |
|a Radiation shielding /
|c by J. Kenneth Shultis and Richard E. Faw.
|
| 260 |
|
|
|a La Grange Park, IL :
|b American Nuclear Society,
|c c2000.
|
| 300 |
|
|
|a xvi, 537 p. :
|b ill. ;
|c 24 cm.
|
| 500 |
|
|
|a Originally published: Upper Saddle River, NJ : Prentice Hall PTR, c1996.
|
| 504 |
|
|
|a Includes bibliographical references and index.
|
| 541 |
|
|
|e 27506
|
| 650 |
|
0 |
|a Shielding (Radiation)
|9 3094
|
| 650 |
|
0 |
|a Ionizing radiation
|x Mathematical models.
|9 3095
|
| 700 |
1 |
|
|a Faw, Richard E.
|9 3096
|
| 942 |
|
|
|2 ddc
|c BK
|
| 952 |
|
|
|0 0
|1 0
|2 ddc
|4 0
|6 621_480289000000000_SHU
|7 0
|9 23406
|a BRACUL
|b BRACUL
|c GEN
|d 2013-09-16
|e Trim Education
|g 11225.00
|l 0
|o 621.480289 SHU
|p 3010027506
|r 2013-09-16
|t 1
|w 2013-09-16
|y BK
|